More than a native speaker : An introduction to teaching English abroad
Đã lưu trong:
| Príomhúdar: | |
|---|---|
| Formáid: | Sách |
| Teanga: | Undetermined |
| Foilsithe: |
Teachers of English to Speakers of Other Languages
2006
|
| Ábhair: | |
| Clibeanna: |
Cuir Clib Leis
Gan Chlibeanna, Bí ar an gcéad duine leis an taifead seo a chlibeáil!
|
| Thư viện lưu trữ: | Trung tâm Thư viện - Trường Đại học Công nghiệp TP. Hồ Chí Minh |
|---|
| LEADER | 00542nam a2200157Ia 4500 | ||
|---|---|---|---|
| 001 | UIH_06660 | ||
| 008 | 231011s9999 xx 000 0 und d | ||
| 082 | |a 428 | ||
| 100 | |a Snow, Don | ||
| 245 | 0 | |a More than a native speaker : An introduction to teaching English abroad | |
| 245 | 0 | |c Snow, Don | |
| 260 | |b Teachers of English to Speakers of Other Languages | ||
| 260 | |c 2006 | ||
| 650 | |a Anh ngữ; Anh ngữ; | ||
| 927 | |a Sách | ||
| 980 | |a Trung tâm Thư viện - Trường Đại học Công nghiệp TP. Hồ Chí Minh | ||